Arkansas County Seats - Statistics

General Stats
  • This quiz has been taken 85 times
  • The average score is 52 of 75
Answer Stats
County County Seat % Correct
Saline Benton
97%
Benton Bentonville
94%
Faulkner Conway
92%
Craighead Jonesboro/Lake City
92%
Washington Fayetteville
89%
Pulaski Little Rock
89%
Sebastian Fort Smith/Greenwood
86%
Garland Hot Springs
86%
Baxter Mountain Home
86%
White Searcy
86%
Union El Dorado
83%
Miller Texarkana
83%
Greene Paragould
81%
Jefferson Pine Bluff
81%
Arkansas Stuttgart/DeWitt
81%
Mississippi Blytheville/Osceola
78%
St. Francis Forrest City
78%
Boone Harrison
78%
Phillips Helena
78%
Crittenden Marion
78%
Pope Russellville
78%
Clark Arkadelphia
75%
Independence Batesville
75%
Ashley Hamburg
75%
Lonoke Lonoke
75%
Stone Mountain View
75%
Clay Piggott/Corning
75%
Woodruff Augusta
72%
Jackson Newport
72%
Randolph Pocahontas
72%
Carroll Berryville/Eureka Springs
69%
Logan Booneville/Paris
69%
Van Buren Clinton
69%
Crawford Van Buren
69%
Cross Wynne
69%
Desha Arkansas City
67%
Sharp Ash Flat
67%
Columbia Magnolia
67%
Perry Perryville
67%
Fulton Salem
67%
Marion Yellville
67%
Ouachita Camden
64%
Sevier De Queen
64%
Prairie Des Arc/DeValls Bluff
64%
Dallas Fordyce
64%
Cleburne Heber Springs
64%
Chicot Lake Village
64%
Hot Spring Malvern
64%
Lee Marianna
64%
Polk Mena
64%
Drew Monticello
64%
Lincoln Star City
64%
Lawrence Walnut Ridge
64%
Johnson Clarksville
61%
Yell Dardanelle/Danville
61%
Poinsett Harrisburg
61%
Conway Morrilton
61%
Montgomery Mount Ida
61%
Franklin Ozark/Charleston
61%
Grant Sheridan
61%
Bradley Warren
61%
Monroe Clarendon
58%
Hempstead Hope
58%
Madison Huntsville
58%
Pike Murfreesboro
58%
Searcy Marshall
56%
Cleveland Rison
56%
Scott Waldron
56%
Little River Ashdown
53%
Calhoun Hampton
53%
Newton Jasper
53%
Howard Nashville
53%
Nevada Prescott
53%
Izard Melbourne
50%
Lafayette Lewisville
42%
No matching quizzes found
Score Distribution
Percent of People with Each Score
Percentile by Number Answered
Your Score History
You have not taken this quiz